Every Call of Duty Zombies Map - Statistics

General Stats
  • This quiz has been taken 137 times
  • The average score is 52 of 85
Answer Stats
Hint Answer % Correct
WAW Shi No Numa
91%
Black Ops Shi No Numa
91%
Black Ops 3 Shi No Numa
91%
Vanguard Shi No Numa
91%
Black Ops Moon
90%
Black Ops 3 Moon
90%
Black Ops 2 Tranzit
90%
Black Ops Kino Der Toten
88%
Black Ops 3 Kino der Toten
88%
Black Ops 2 Die Rise
87%
Black Ops Five
87%
WAW Nacht der Untoten
87%
Black Ops Nacht der Untoten
87%
Black Ops 3 Nacht der Untoten
87%
Black Ops 2 Origins
87%
Black Ops 3 Origins
87%
Black Ops Ascension
86%
Black Ops 3 Ascension
86%
Black Ops 2 Mob of the Dead
86%
WAW Verruckt
85%
Black Ops Verruckt
85%
Black Ops 3 Verruckt
85%
WAW Der Riese
84%
Black Ops Der Riese
84%
Black Ops 2 Farm
84%
Black Ops 2 Buried
83%
Black Ops 2 Town
83%
Black Ops 3 Shadows of Evil
81%
Black Ops Shangri La
80%
Black Ops 3 Shangri La
80%
Black Ops Call of the Dead
78%
Black Ops- Mode Dead Ops Arcade
74%
Black Ops 2 Nuketown
74%
Black Ops 3 Gorod Krovi
73%
Black Ops 3 Revelations
72%
Black Ops 3 The Giant
72%
Black Ops 4 Blood of the Dead
70%
Black Ops 3 Der Eisendrache
69%
Infinite Warfare Zombies in Spaceland
69%
Black Ops 2 Bus Depot
67%
BO2- Mode Turned- Diner
64%
Black Ops 4 IX
63%
Black Ops 3- Mode Dead Ops Arcade 2
58%
Advanced Warfare Outbreak
57%
Black Ops Cold War- Mode Outbreak
57%
Black Ops 4 Voyage of Despair
57%
Black Ops 4 Classified
56%
Black Ops 4 Dead of the Night
56%
Black Ops 4 Ancient Evil
55%
Black Ops 4 Tag Der Toten
55%
Black Ops 4 Alpha Omega
53%
Black Ops 6 Liberty Falls
53%
Black Ops Cold War Firebase Z
52%
Infinite Warfare Attack of the Radioactive Thing
51%
Black Ops Cold War Die Maschine
51%
Black Ops Cold War Forsaken
51%
BO2- Mode Grief- Cell Block
51%
Infinite Warfare Rave in the Redwoods
51%
Infinite Warfare Shaolin Shuffle
48%
Black Ops 6 Terminus
48%
Infinite Warfare The Beast from Beyond
48%
Black Ops Cold War- Mode Dead Ops Arcade 3
47%
Advanced Warfare Infection
47%
Black Ops Cold War Mauer der Toten
45%
Black Ops 6 The Tomb
45%
Advanced Warfare Carrier
44%
World War II The Final Reich
44%
Advanced Warfare Descent
41%
Black Ops 6 Shattered Veil
38%
World War II The Darkest Shore
36%
Vanguard Der Anfang
33%
World War II The Frozen Dawn
30%
Black Ops 6 Citadelle des Morts
29%
World War II Groesten Haus
28%
Vanguard The Archon
28%
Vanguard Terra Maledicta
26%
World War II The Shadowed Throne
26%
World War II- Mode The Tortured Path
24%
Modern Warfare 3 Urzikstan
20%
World War II- Tutorial Prologue
16%
World War II USS Mount Olympus
16%
Black Ops 3 Zetsubuo No Shima
16%
BO2- Map for previous modes Borough
15%
World War II Altar of Blood
14%
World War II Bodega Cervantes
12%
No matching quizzes found
Score Distribution
Percent of People with Each Score
Percentile by Number Answered
Your Score History
You have not taken this quiz